L'impresa inclusiva : LGBT e diversity in azienda /

محفوظ في:
التفاصيل البيبلوغرافية
المؤلف الرئيسي: Guerci, Marco
مؤلفون آخرون: Covili Faggioli, Isabella (مؤلف الخاتمة، الافتتاحية، إلخ.), Iacci, Paolo, Pulcher, Simone, Scalfarotto, Ivan (كاتب المقدمة، إلخ.)
التنسيق: كتاب
اللغة:الإيطالية
منشور في: Milano : Guerini next, 2018
سلاسل:Biblioteca del personale ; 43
الموضوعات:
الوسوم: إضافة وسم
لا توجد وسوم, كن أول من يضع وسما على هذه التسجيلة!

MARC

LEADER 00000nam a2200000 i 4500
001 IT\ICCU\UBS\0009605
003 ItRI
005 20260115232135.0
008 180509s2018 it |||||| ||||| |||||c
015 |2 IT  |a 2018-8002 
020 |a 9788868961923 
040 |b ita  |c importazione bologna sebina 
041 7 |a ita  |2 ISO-639-2 
082 |a 331.53  |9 CATEGORIE SPECIALI DI LAVORATORI (NON SECONDO L'ETA' E IL SESSO). OMOSESSUALI  |2 23 
100 1 |a Guerci, Marco  |0 IT\ICCU\UBOV\090810 
240 1 2 |a L'impresa inclusiva  |3 IT\ICCU\RAV\2168234  |9 Guerci, Marco 
245 1 2 |a L'impresa inclusiva :  |b LGBT e diversity in azienda /  |c Marco Guerci, Paolo Iacci, Simone Pulcher ; prefazione di Ivan Scalfarotto ; postfazione di Isabella Covili Faggioli. 
260 |a Milano :  |b Guerini next,  |c 2018 
300 |a 180 p. ;  |c 23 cm. 
650 7 |a Lavoratori [:] Omosessuali [e] Transessuali  |x Discriminazione  |2 nsbncf 
700 1 |a Covili Faggioli, Isabella  |0 IT\ICCU\MODV\643671  |4 aft 
700 1 |a Iacci, Paolo  |0 IT\ICCU\CFIV\061918 
700 1 |a Pulcher, Simone  |0 IT\ICCU\UBSV\002987 
700 1 |a Scalfarotto, Ivan  |0 IT\ICCU\UBOV\026768  |4 aui 
830 0 |a Biblioteca del personale ;  |v 43  |0 IT\ICCU\MIL\0447856 
942 |2 ddc  |c BK  |n 0 
952 |0 0  |1 0  |4 0  |6 DOC_331_530000000000000_GUE  |7 0  |9 20735  |a BO  |b BO  |d 2026-01-15  |i 19849  |l 0  |o DOC 331.53 GUE  |p BO19849  |r 2026-01-15 23:21:35  |w 2026-01-15  |x [Sebina 5] [1 v.]  |y BK  |z 1 v. 
999 |c 17713  |d 17713